Statistics for Roald Dahl Books by Obscure Hint

Click here to take the quiz!

General Stats

  • This quiz has been taken 10 times
  • The average score is 7 of 11

Answer Stats

HintAnswer% Correct
SquirrelsCharlie and the Chocolate Factory
80%
Apple CiderFantastic Mr. Fox
80%
Empire State BuildingJames and the Giant Peach
80%
SuperglueMatilda
80%
Wigs, Gloves and Tiny ShoesThe Witches
70%
Space AliensCharlie and the Great Glass Elevator
50%
Window-WashersThe Giraffe and the Pelly and Me
50%
Filling StationDanny, the Champion of the World
40%
BackwardsEsio Trot
40%
Repulsive VegetablesThe BFG
40%
Duck HuntingThe Magic Finger
40%

Score Distribution

Percentile by Number Answered

Percent of People with Each Score

Your Score History

You have not taken this quiz